000
00276nam a22000977a 4500
999
_c
515679
_d
515679
082
_a
TNC T1 D26p
100
_a
Dasgupta, A. K.
_9
21405
245
_a
Phases of capitalism and economic theory and other essays
_c
by A. K. Dasgupta
260
_a
Delhi
_b
Oxford
_c
1983
300
_a
167p.